| 000 | 00630nam a2200205 a 4500 | ||
|---|---|---|---|
| 001 | 000021293 | ||
| 005 | 20240305122642.0 | ||
| 008 | 100903s1981 cl r 000 f spa d | ||
| 040 |
_aDO-SdBNP _bspa _cBNPHU |
||
| 082 |
_aCh863.42 _bB695a |
||
| 100 | 1 |
_aBombal, María Luisa, _d1910-1980 _c1910-1980. _93982 |
|
| 245 | 1 | 0 |
_aLa amortajada / _cMaría Luisa Bombal. |
| 260 |
_aSantiago de Chile : _bUniversitaria, _c1981. |
||
| 300 |
_a107 p. ; _c18 cm. |
||
| 490 | 1 | _aLetras de América | |
| 650 | 4 |
_aNovela chilena _93163 |
|
| 650 | 4 |
_aLiteratura chilena _ySIGLO XX _914677 |
|
| 830 | 0 |
_aLetras de América ; _914651 |
|
| 049 | _aBNGR | ||
| 999 |
_c20793 _d20793 |
||